000 00566nam a2200229Ia 4500
003 OSt
005 20220923225931.0
006 a|||||r|||| 00| 0
007 ta
008 Pun
024 _a275,986
037 _cTextual
040 _aARTS
_cARTS
_bPun
041 _2Pun
_aPun
082 _aO153,1N291x, J5
100 _aਪ੍ਰਭਜੋਤ
_9156280
245 0 _aਦੋ ਰੰਗ
260 _c1955
650 _aਪੰਜਾਬੀ ਸਾਹਿਤ
942 _hO153,1N291x, J5
_cTEXL
_2CC
999 _c381409
_d381409